| 000 | 00692nam a22002057a 4500 | ||
|---|---|---|---|
| 003 | OSt | ||
| 005 | 20250820082332.0 | ||
| 008 | 250820b |||||||| |||| 00| 0 eng d | ||
| 020 | _a971-510-169-0 | ||
| 040 |
_aDWC-Main Lib _cOC |
||
| 082 | _aFil. 241 M641K 2003 | ||
| 100 | _aMiranda, Dionisio M. | ||
| 245 |
_aKaloob ni Kristo : _ba Filipino Christian account of conscience/ _cDionisio M. Miranda |
||
| 260 |
_aManila, Philippines : _bLogos Publication Inc., _cc2003. |
||
| 300 |
_a302 pages : _billustrations ; _c23cm. |
||
| 504 | _aIncludes bibliographical references. | ||
| 650 | _a1. Christian ethics. | ||
| 650 | _a2. Conscience (Morale) Aspect. | ||
| 942 |
_2ddc _cBK - FIL _kFil. _n0 |
||
| 999 |
_c4122 _d4122 |
||